000 00301nam a2200109Ia 4500
008 171024s1995 xx 000 0 und d
100 _aSingh, Chhatrapati
245 _aVasundhara
260 _aNew Delhi
_bCentre for Environmental Law
_c1995
365 _bRs.20/-
650 _aEcology - protected forest
999 _c110438
_d110438